000 00417nam a2200145Ia 4500
003 OSt
005 20260123162644.0
008 211028s2017 xx 000 0 und d
040 _cAIMIT LIBRARY
041 _aeng
100 _aJoy, Ashily; Dias, Beena.
_g1516016
_97593
245 _aFactors associated with internal audit effevtiveness in Sadafco /
260 _aMangalore
_bDr Beena Dias.
_c2017
942 _2ddc
_cPRO
999 _c219161
_d219161